Economía colombiana / (Registro nro. 5591)
[ vista simple ]
| 000 -LEADER | |
|---|---|
| fixed length control field | 01312nam a2200277Ia 4500 |
| 003 - CONTROL NUMBER IDENTIFIER | |
| control field | OSt |
| 005 - DATE AND TIME OF LATEST TRANSACTION | |
| control field | 20200721173449.0 |
| 008 - FIXED-LENGTH DATA ELEMENTS--GENERAL INFORMATION | |
| fixed length control field | 191128s2007 ck ad gr 000 0dspa d |
| 020 ## - INTERNATIONAL STANDARD BOOK NUMBER | |
| International Standard Book Number | 9789586485142 |
| 040 ## - CATALOGING SOURCE | |
| Original cataloging agency | CO-JMCR |
| Transcribing agency | CO-JMCR |
| 041 0# - LANGUAGE CODE | |
| Language code of text/sound track or separate title | spa |
| 082 04 - DEWEY DECIMAL CLASSIFICATION NUMBER | |
| Classification number | 330.9861 / |
| Item number | O771e |
| Edition number | 23 |
| 100 1# - MAIN ENTRY--PERSONAL NAME | |
| Personal name | Ortega, Cárdenas, Alfonso, |
| Relator term | autor |
| 9 (RLIN) | 6943 |
| 245 10 - TITLE STATEMENT | |
| Title | Economía colombiana / |
| Statement of responsibility, etc. | Alfonso Ortega Cárdenas |
| 250 ## - EDITION STATEMENT | |
| Edition statement | Tercera edición |
| 260 ## - PUBLICATION, DISTRIBUTION, ETC. | |
| Place of publication, distribution, etc. | Bogotá : |
| Name of publisher, distributor, etc. | Ecoe, |
| Date of publication, distribution, etc. | 2007, |
| 300 ## - PHYSICAL DESCRIPTION | |
| Extent | 287 páginas : |
| Other physical details | gráficos a blanco y negro ; |
| Dimensions | 24 cm. |
| 490 0# - SERIES STATEMENT | |
| Series statement | Textos universitarios. Administración, economía y finanzas |
| 500 ## - GENERAL NOTE | |
| General note | Bibliografía: página 287 |
| 505 0# - FORMATTED CONTENTS NOTE | |
| Formatted contents note | Evolusión del concepto económico -- Formación de un sistema económico -- Organización bancaria en Colombia -- Organización bancaria en Colombia -- Bolsa de valores -- La privatización en Colombia -- El sector público en Colombia |
| 520 0# - SUMMARY, ETC. | |
| Summary, etc. | Economía colombiana muestra las bases y conceptos históricos fundamentales que dieron origen a este tema primordial en la organización de una nación, así como su evolución en Colombia. |
| 650 14 - SUBJECT ADDED ENTRY--TOPICAL TERM | |
| Topical term or geographic name entry element | Economía colombiana |
| General subdivision | Bancos |
| 9 (RLIN) | 7576 |
| 650 24 - SUBJECT ADDED ENTRY--TOPICAL TERM | |
| Topical term or geographic name entry element | Colombia Indicadores económicos |
| Geographic subdivision | Colombia |
| 9 (RLIN) | 7577 |
| 650 24 - SUBJECT ADDED ENTRY--TOPICAL TERM | |
| Topical term or geographic name entry element | Organización |
| Geographic subdivision | Colombia |
| 9 (RLIN) | 7578 |
| 942 ## - ADDED ENTRY ELEMENTS (KOHA) | |
| Source of classification or shelving scheme | Dewey Decimal Classification |
| Koha item type | Books |
| Withdrawn status | Lost status | Source of classification or shelving scheme | Materials specified (bound volume or other part) | Damaged status | Not for loan | Home library | Current library | Shelving location | Date acquired | Source of acquisition | Full call number | Barcode | Date last seen | Copy number | Price effective from | Koha item type |
|---|---|---|---|---|---|---|---|---|---|---|---|---|---|---|---|---|
| Dewey Decimal Classification | Donación--15/04/2018-- | Biblioteca Pública José María del Castillo y Rada | Biblioteca Pública José María del Castillo y Rada | General Stacks | 11/28/2019 | Donación | 330.9861 / O771e | 430002265 | 05/16/2024 | Ej.1 | 11/28/2019 | Books |